书目信息 |
| 题名: |
样板房 5
|
|
| 作者: | ;贝思出版有限公司 编 | |
| 分册: | ||
| 出版信息: | 北京 计划出版社 2002.12 |
|
| 页数: | 254页 | |
| 开本: | 26cm | |
| 丛书名: | ||
| 单 册: | ||
| 中图分类: | TU241-64 | |
| 科图分类: | ||
| 主题词: | 民用建筑--建筑设计 | |
| 电子资源: | ||
| ISBN: | 7-80177-160-5 | |
| 000 | 00603nam0 2200193 45 | |
| 001 | 0340680768 | |
| 005 | 2003031211180001 | |
| 010 | @a7-80177-160-5@dRMB 230.00 | |
| 100 | @a20030312d2002 km y0chiy0120 ea | |
| 101 | 0 | @achi |
| 200 | 1 | @a样板房 5@Ayang ban fang 5@d=MODEL FLAT@f贝思出版有限公司编@FBei Si Chu Ban You Xian Gong Si Bian |
| 210 | @a北京@c计划出版社@d2002.12 | |
| 215 | @a254页@d26cm | |
| 510 | @a=MODEL FLAT | |
| 606 | 0 | @a民用建筑@x建筑设计 |
| 690 | @aTU241-64@v3 | |
| 711 | 0 | @a贝思出版有限公司@ABei Si Chu Ban You Xian Gong Si@4编 |
| 801 | 0 | @aCN@bPFT@c20030312 |
| 905 | @dTU241-64@eB6904 | |
| 样板房 5=MODEL FLAT/贝思出版有限公司编.-北京:计划出版社,2002.12 |
| 254页;26cm |
| ←并列题名:=MODEL FLAT |
| ISBN 7-80177-160-5:RMB 230.00 |
| ● |
| 相关链接 |
|
|
|
正题名:样板房 5
索取号:TU241-64/B6904
 
预约/预借
| 序号 | 登录号 | 条形码 | 馆藏地/架位号 | 状态 | 备注 |
| 1 | 372046 | 203720465 | 建筑库101/101建筑库 60排4列3层/ [索取号:TU241-64/B6904] | 在馆 |